IELTS practice exams (Barron's the leader in test preparation)

Six full-length practice exams reflect the actual IELTS in length, format, question types and degree of difficulty

محفوظ في:
التفاصيل البيبلوغرافية
المؤلف الرئيسي: Lougheed, Lin
التنسيق: كتاب
اللغة:Undetermined
منشور في: Thành phố Hồ Chí Minh Tổng hợp Thành phố Hồ Chí Minh 2014
الموضوعات:
الوسوم: إضافة وسم
لا توجد وسوم, كن أول من يضع وسما على هذه التسجيلة!
Thư viện lưu trữ: Trung tâm Học liệu Trường Đại học Cần Thơ
LEADER 00716nam a2200193Ia 4500
001 CTU_199803
008 210402s9999 xx 000 0 und d
082 |a 428.0076 
082 |b L887/CD.1 
100 |a Lougheed, Lin 
245 0 |a IELTS practice exams (Barron's the leader in test preparation) 
245 0 |c Lin Lougheed 
260 |a Thành phố Hồ Chí Minh 
260 |b Tổng hợp Thành phố Hồ Chí Minh 
260 |c 2014 
520 |a Six full-length practice exams reflect the actual IELTS in length, format, question types and degree of difficulty 
650 |a English languages,Tiếng Anh 
904 |i Nguyên 
980 |a Trung tâm Học liệu Trường Đại học Cần Thơ